000 00556nam a22001817a 4500
003 UA-OsUOA
001 12912
007 ta
008 20050601b un ||||| |||| 00| 0 ukr d
100 _aБуркалець Ю.
942 _cSA
040 _aUA-OsUOA
_cUA-OsUOA
_dUA-OsUOA
245 _aПопереду - велика робота
_b[Про роботу Гощан. район. орг. СДПУ(О)]
300 _aС.4
955 _a0
773 0 _w0
_tВісті Рівненщини
_dРівне
_d2005
_g№39/27 трав./
650 7 _aПартії
_2UDC
999 _c299073
_d299073